[Event "Challenge"]
[Site "http://www.queenalice.com/game.php?id=279741"]
[Date "2007.10.1"]
[Round "-"]
[White "denisesuzuki"]
[Black "pmq"]
[Result "0-1"]
[WhiteElo "1165"]
[BlackElo "1064"]

1. e4 e5 2. d3 Nc6 3. h4 Bb4+ 4. c3 Ba5 5. Nf3 f6 6. b4 Bb6 7. g4 d6 8. Ba3 Bxg4
9. Qe2 Nh6 10. b5 Ne7 11. Nbd2 Qd7 12. Rg1 Qxb5 13. c4 Qa5 14. Bc1 Nc6 15. a4
Nd4 16. Qd1 Nxf3+ 17. Ke2 Nxg1+ 18. Ke1 Bxd1 19. Kxd1 Bd4 20. Ke1 Bxa1 21. Kd1
Qxa4+ 22. Ke1 Qc2 23. f3 Qxc1+ 24. Kf2 Bd4+ 25. Kg2 Qxd2+ 26. Kh1 Qf2 27. h5
Nxf3 28. c5 Qg1# 0-1

[Event "Challenge"]
[Site "http://www.queenalice.com/game.php?id=279743"]
[Date "2007.10.1"]
[Round "-"]
[White "denisesuzuki"]
[Black "Jajer"]
[Result "0-1"]
[WhiteElo "1146"]
[BlackElo "1503"]

1. e4 d6 2. Bb5+ c6 3. Bc4 d5 4. exd5 b5 5. Bd3 Qxd5 6. Nf3 Nf6 7. Nc3 Qe6+ 8.
Kf1 Qd6 9. Ne4 Nxe4 10. Bxe4 e5 11. c3 Bg4 12. d3 Be7 13. h3 Bxf3 14. gxf3 Bh4
15. f4 exf4 16. Rg1 g5 17. b4 Nd7 18. Qg4 Nf6 19. Qxg5 Bxg5 20. Rxg5 Nxe4 21.
dxe4 Qd1+ 22. Kg2 f3+ 23. Kh2 Qd6+ 24. Kh1 O-O-O 25. Be3 Qe6 0-1

[Event "Challenge"]
[Site "http://www.queenalice.com/game.php?id=280982"]
[Date "2007.10.4"]
[Round "-"]
[White "denisesuzuki"]
[Black "GuilhermeEhlers"]
[Result "0-1"]
[WhiteElo "1178"]
[BlackElo "1687"]

1. e3 e5 2. g4 Bc5 3. a3 Nf6 4. Nf3 Nxg4 5. c3 b6 6. Bh3 d6 7. b4 e4 8. Ng5 Qxg5
9. bxc5 Qh4 10. Bxg4 Bxg4 11. Qc2 Bf3 12. Rg1 Qxh2 13. d4 Qxg1+ 14. Kd2 Qxf2#
0-1

[Event "edson burg"]
[Site "http://www.queenalice.com/game.php?id=286239"]
[Date "2007.10.14"]
[Round "-"]
[White "denisesuzuki"]
[Black "limone_br"]
[Result "0-1"]
[WhiteElo "1153"]
[BlackElo "1405"]

1. e4 e5 2. Qh5 Nc6 3. Bc4 g6 4. Qf3 Nf6 5. d3 Nd4 6. Qd1 d6 7. c3 Ne6 8. a4 Nf4
9. g3 Ng2+ 10. Ke2 Bg4+ 11. Nf3 d5 12. exd5 Nxd5 13. Qf1 Bh3 14. Rg1 Ngf4+ 15.
gxf4 Bxf1+ 16. Kxf1 Nxf4 17. d4 e4 18. Ne5 Nd5 19. Bb5+ c6 20. Bc4 Qf6 21. Bg5
Qf5 22. Nd2 h6 23. Bh4 Qf4 24. f3 Qxd2 25. Bf2 Ne3+ 26. Bxe3 Qxe3 27. Be2 O-O-O
28. Nxf7 exf3 29. Rg2 fxg2+ 30. Kxg2 Qxe2+ 31. Kh3 Qf3+ 32. Kh4 g5+ 0-1

[Event "Edson"]
[Site "http://www.queenalice.com/game.php?id=286241"]
[Date "2007.10.14"]
[Round "-"]
[White "denisesuzuki"]
[Black "karpovl"]
[Result "0-1"]
[WhiteElo "1127"]
[BlackElo "1465"]

1. e4 d5 2. Qf3 Nh6 3. Nc3 Bg4 4. Qe3 c6 5. f3 dxe4 6. fxg4 Nxg4 7. Qxe4 h5 8.
h3 Nf6 9. Qf4 Nd5 10. Qf3 Nb4 11. Kd1 g6 12. a3 Nd5 13. b4 Nd7 14. b5 a6 15.
bxc6 bxc6 16. Nge2 Bg7 17. a4 Nxc3+ 18. dxc3 Ne5+ 19. Nd4 Nxf3 20. gxf3 c5 21.
Be3 cxd4 22. cxd4 Bxd4 23. Kd2 Bxa1+ 24. Ke2 Rc8 25. Kf2 Bd4 26. Bxa6 Rxc2+ 27.
Be2 Rc3 28. Bb5+ Kf8 29. Re1 Bxe3+ 30. Rxe3 Qd2+ 31. Kg3 Qxe3 32. Kh4 Qf4# 0-1

[Event "Challenge"]
[Site "http://www.queenalice.com/game.php?id=291450"]
[Date "2007.10.23"]
[Round "-"]
[White "pmq"]
[Black "denisesuzuki"]
[Result "1-0"]
[WhiteElo "1420"]
[BlackElo "1144"]

1. e4 h5 2. d4 e6 3. e5 d5 4. c4 Bb4+ 5. Bd2 a5 6. a3 Be7 7. Nc3 f6 8. cxd5 exd5
9. f4 f5 10. Nf3 b6 11. b4 axb4 12. axb4 Na6 13. b5 Bb4 14. bxa6 Bxa6 15. Bxa6
Qd7 16. Bb5 c6 17. Rxa8+ Kf7 18. Ng5+ Kg6 19. Rb8 h4 20. Rxb6 Ne7 21. Bd3 Ba5
22. Ra6 Bc7 23. O-O 1-0

[Event "Challenge"]
[Site "http://www.queenalice.com/game.php?id=293200"]
[Date "2007.10.26"]
[Round "-"]
[White "theblackfox"]
[Black "denisesuzuki"]
[Result "1-0"]
[WhiteElo "1571"]
[BlackElo "1146"]

1. e4 d6 2. Nf3 h6 3. Bc4 g5 4. O-O Nf6 5. Nc3 g4 6. Nh4 e6 7. d4 Qd7 8. Bf4 e5
9. dxe5 Nh5 10. e6 fxe6 11. Qxg4 Nxf4 12. Qxf4 Qf7 13. Qxf7+ Kxf7 14. a4 d5 15.
exd5 Rg8 16. dxe6+ Bxe6 17. Bxe6+ Kxe6 18. Nb5 Bg7 19. Nxc7+ Kd7 20. Nxa8 Nc6
21. Rad1+ Bd4 22. Nf5 Rg6 23. c3 Rd6 24. Nxd6 Kxd6 25. cxd4 Ke7 26. d5 Ne5 27.
Rfe1 Kf6 28. f4 Nc4 29. d6 Nxb2 30. Rd2 Nc4 31. Rd4 Nb2 32. d7 a6 33. d8=Q+ Kf5
34. Qd5+ 1-0

[Event "Challenge"]
[Site "http://www.queenalice.com/game.php?id=293201"]
[Date "2007.10.26"]
[Round "-"]
[White "theblackfox"]
[Black "denisesuzuki"]
[Result "1-0"]
[WhiteElo "1573"]
[BlackElo "1146"]

1. e4 Nf6 2. Nc3 c5 3. Nf3 e6 4. Bc4 a6 5. d4 cxd4 6. Qxd4 Nc6 7. Qe3 Ng4 8. Qf4
h5 9. Ng5 b5 10. Bb3 e5 11. Qf5 f6 12. Nf7 Qe7 13. Nxh8 Nd4 14. Qxh5+ Kd8 15.
Qxg4 g5 16. Nf7+ Kc7 17. Nd5+ Kb7 18. Nxe7 Bxe7 19. Bd5+ Kb8 20. Bxa8 Kxa8 21.
O-O Nxc2 22. Bxg5 fxg5 23. Rac1 Nd4 24. Nxe5 Bb7 25. Nxd7 b4 26. e5 Bc8 27.
Rxc8+ Ka7 28. Qxd4+ Kb7 29. Rfc1 b3 30. Qb6# 1-0

[Event "Challenge"]
[Site "http://www.queenalice.com/game.php?id=555606"]
[Date "2009.3.13"]
[Round "-"]
[White "denisesuzuki"]
[Black "thefenixdf"]
[Result "0-1"]
[WhiteElo "1139"]
[BlackElo "1407"]

1. Nc3 Nc6 2. e3 Nf6 3. b3 d5 4. Nf3 e5 5. h3 Bd6 6. e4 d4 7. Na4 Bd7 8. g4 O-O
9. g5 Nh5 10. Nh4 f6 11. Qxh5 Be8 0-1

[Event "AUTO-BEG-300"]
[Site "http://www.queenalice.com/game.php?id=556850"]
[Date "2009.3.16"]
[Round "1"]
[White "HENRIQUE_L_AUAD"]
[Black "denisesuzuki"]
[Result "1-0"]
[WhiteElo "1464"]
[BlackElo "1144"]

1. d4 e6 2. e3 Bb4+ 3. c3 Bd6 4. Bd3 Nf6 5. f3 c5 6. Ne2 b6 7. O-O O-O 8. Qc2
Nc6 9. e4 b5 10. e5 c4 11. Be4 1-0

[Event "Challenge"]
[Site "http://www.queenalice.com/game.php?id=557178"]
[Date "2009.3.17"]
[Round "-"]
[White "Taranis"]
[Black "denisesuzuki"]
[Result "1-0"]
[WhiteElo "1631"]
[BlackElo "1144"]

1. e4 Nc6 2. d4 e6 3. e5 f5 4. f4 a5 5. Bb5 Na7 6. Nc3 c6 7. Bd3 Nh6 8. h3 Bb4
9. Ne2 O-O 10. a3 Be7 11. Be3 d6 12. Qd2 Qe8 13. O-O-O d5 14. Na4 b5 15. Nb6 c5
16. Nxa8 Bb7 17. Nc7 Qd8 18. Nxe6 Qd7 19. Nxf8 Bxf8 20. Qxa5 1-0